| 000 -LEADER |
| fixed length control field |
00596nam a22001697a 4500 |
| 005 - DATE AND TIME OF LATEST TRANSACTION |
| control field |
20240311111953.0 |
| 008 - FIXED-LENGTH DATA ELEMENTS--GENERAL INFORMATION |
| fixed length control field |
240311s1999 ru ||||| |||| 00| 0 rus d |
| 041 ## - LANGUAGE CODE |
| Language code of text/sound track or separate title |
rus |
| 080 ## - UNIVERSAL DECIMAL CLASSIFICATION NUMBER |
| Universal Decimal Classification number |
008(075.8) P-62 |
| 100 ## - MAIN ENTRY--PERSONAL NAME |
| Personal name |
Рождественский, Ю.В. |
| 9 (RLIN) |
21372 |
| 245 ## - TITLE STATEMENT |
| Title |
Введение в культуроведение : |
| Statement of responsibility, etc. |
Ю. В. Рождественский. |
| 250 ## - EDITION STATEMENT |
| Edition statement |
2-е издание |
| 264 ## - PRODUCTION, PUBLICATION, DISTRIBUTION, MANUFACTURE, AND COPYRIGHT NOTICE |
| Place of production, publication, distribution, manufacture |
Москва : |
| Name of producer, publisher, distributor, manufacturer |
Добросвет, |
| Date of production, publication, distribution, manufacture, or copyright notice |
1999. |
| 300 ## - PHYSICAL DESCRIPTION |
| Extent |
287 с. |
| Other physical details |
21 см. |
| 653 ## - INDEX TERM--UNCONTROLLED |
| keyword |
შესავალი კულტუროლოგიაში |
| 942 ## - ADDED ENTRY ELEMENTS (KOHA) |
| Source of classification or shelving scheme |
|
| Koha item type |
წიგნი |